000 00532nam a22001815i 4500
001 53115
003 ES-MaACL
005 20230906162717.0
007 t|
008 950908s1896 fr ||||1| fre d
040 _aCAM
_bspa
_cCAM
100 1 _aDugas, L.
_9182644
245 1 3 _aLe psittacisme et la pensée symbolique
_b: psychologie du nominalisme /
_cpar L. Dugas.
260 _aParis :
_bFelix Alcan,
_c1896 (
_eTours :
_fE. Arrault)
300 _a[6], 202 p. ;
_c18 cm.
852 _aES-MaACL
_jF-11974
999 _c53115
_d53115